| 000 | 00572cab a2200205 4500 | ||
|---|---|---|---|
| 001 | X373 | ||
| 008 | 090401t1993 xxu||||| |||| 00| 0 eng d | ||
| 035 | _a(Sirsi) u65324 | ||
| 041 | _aeng | ||
| 245 | _aSchools investigate the property profession | ||
| 260 | _c1993 | ||
| 350 | _a0 | ||
| 490 |
_aCS Monthly : Rural Practice _v2(4) January 1993, 2(1) |
||
| 650 | _aINVESTIGATING THE PROPERTY PROFESSION | ||
| 650 | _aNATIONAL CURRICULUM | ||
| 650 | _aSCHOOLS | ||
| 690 | _aMANAGEMENT-BUSINESS MANAGEMENT-PROFESSIONAL PRACTICE | ||
| 942 | _n0 | ||
| 948 | _c04/03/1997 | ||
| 999 |
_c40737 _d40737 |
||